00000000nam 2200000zi 4500
0019.932075
003CaOODSP
00520250110130822
006m     o  d f      
007cr |n|||||||||
008231229e199008##qucda   ob   f|0| 0 fre d
040 |aCaOODSP|bfre|erda|cCaOODSP
043 |an-cn---
0861 |aCW66-1505/1990F-PDF
1001 |aCarlos, Claude, |eauteur.
24510|aÉvaluation des possibilités d'utilisation de la commandite au sein du Service canadien de la faune / |cpar Claude Carlos.
264 1|a[Sainte-Foy, Québec] : |b[Service canadien de la faune], |caoût 1990.
300 |a1 ressource en ligne (59, [17] pages) : |bgraphiques, illustrations
336 |atexte|btxt|2rdacontent/fre
337 |ainformatique|bc|2rdamedia/fre
338 |aressource en ligne|bcr|2rdacarrier/fre
500 |aÉdition numérisée de l’imprimé [par Environnement et changement climatique Canada].
504 |aComprend des références bibliographiques.
61020|aService canadien de la faune.
650 6|aFaune|xProtection|xRelations publiques|zCanada.
650 6|aParrainage publicitaire|zCanada.
650 0|aWildlife conservation|xPublic relations|zCanada.
650 0|aCorporate sponsorship|zCanada.
7102 |aService canadien de la faune, |eorganisme de publication.
85640|qPDF|s1.81 Mo|uhttps://publications.gc.ca/collections/collection_2025/eccc/cw66/CW66-1505-1990-fra.pdf